[Event "Skakmot odlinga 2016"]
[Site "Faxafen 12, Reykjavik"]
[Date "2016.04.27"]
[Round "5.9"]
[White "Sigurvaldason, Hjalmar"]
[Black "Maack, Kjartan"]
[Result "0-1"]
[WhiteElo "1426"]
[BlackElo "2110"]
[PlyCount "144"]
[EventDate "2016.03.30"]

1. d4 e6 2. c4 f5 3. g3 Nf6 4. Bg2 Be7 5. Nc3 O-O 6. Nf3 d6 7. O-O a5 8. b3 Ne4
9. Qc2 Nxc3 10. Qxc3 Qe8 11. Bg5 Bf6 12. Bxf6 Rxf6 13. Kh1 Nd7 14. Ng1 e5 15.
e3 Qh5 16. f4 Rh6 17. h3 e4 18. Rae1 Nf6 19. Qd2 Bd7 20. a4 Kh8 21. h4 Qg4 22.
Kh2 Nh5 23. Qf2 Qg6 24. Bh3 Qf7 25. Ne2 Nf6 26. d5 Ng8 27. Nd4 Ne7 28. Rg1 Rg6
29. Qd2 b6 30. Ne2 Ng8 31. Nc3 Nh6 32. Ne2 Rf8 33. Nd4 Rf6 34. Ne2 Qe7 35. Nd4
Nf7 36. Ne2 Nd8 37. Nd4 Nb7 38. Qc3 Nc5 39. Re2 Qf7 40. Nc2 Qh5 41. Rgg2 h6 42.
Qe1 Nxb3 43. Nd4 Nc5 44. Nb5 Bxb5 45. axb5 Kh7 46. Rc2 Nd3 47. Qc3 Qf3 48. Rge2
Rg6 49. g4 fxg4 50. Bg2 g3+ 51. Kg1 Qg4 52. Bxe4 Nf2 53. Bxg6+ Kxg6 54. Qe1
Qxh4 55. Rxf2 gxf2+ 56. Rxf2 Kh7 57. Qb1+ Kh8 58. Rg2 Qe7 59. Kf2 Re8 60. Rg3
Qe4 61. Qb2 Re7 62. Qe2 Kh7 63. Qd2 Qxc4 64. Qd1 a4 65. Qb1+ Qe4 66. Qb2 Qxd5
67. Qc2+ Qe4 68. Qa2 d5 69. Qb2 Qd3 70. Qa2 a3 71. Qa1 Qd2+ 72. Kg1 Qb2 0-1

[Event "Skakmot odlinga 2016"]
[Site "Faxafen 12, Reykjavik"]
[Date "2016.04.27"]
[Round "5.10"]
[White "Kristbergsson, Bjorgvin"]
[Black "Valdimarsson, Einar"]
[Result "0-1"]
[WhiteElo "1100"]
[BlackElo "2029"]
[PlyCount "58"]
[EventDate "2016.03.30"]

1. b4 a5 2. b5 a4 3. a3 d5 4. d4 c5 5. bxc6 Nxc6 6. c3 Nf6 7. f3 e6 8. Nh3 Bd6
9. g3 Qc7 10. Rg1 Bd7 11. Bf4 e5 12. Bg5 Na5 13. Ra2 O-O 14. Bxf6 gxf6 15. Qc1
Bf5 16. e4 dxe4 17. g4 Bg6 18. g5 f5 19. Be2 exd4 20. Rg2 Nb3 21. Qb2 d3 22.
Bd1 Rfe8 23. f4 e3 24. c4 Qxc4 25. Nc3 d2+ 26. Rxd2 exd2+ 27. Kf2 Bc5+ 28. Kg2
Bd4 29. Bxb3 axb3 0-1

[Event "Skakmot odlinga 2016"]
[Site "Faxafen 12, Reykjavik"]
[Date "2016.04.27"]
[Round "5.11"]
[White "Bjarnason, Larus H"]
[Black "Gardarsson, Hordur"]
[Result "0-1"]
[WhiteElo "1650"]
[BlackElo "1731"]
[PlyCount "128"]
[EventDate "2016.03.30"]

1. d4 Nf6 2. c4 e6 3. Nc3 d5 4. a3 c6 5. Bf4 Be7 6. e3 Nbd7 7. Nf3 O-O 8. c5
Nh5 9. Bg3 Nxg3 10. hxg3 Bf6 11. Bd3 g6 12. b4 e5 13. dxe5 Nxe5 14. Nxe5 Bxe5
15. Qc2 Qf6 16. Rc1 Re8 17. O-O Bg4 18. Rfe1 Re7 19. f4 Bxc3 20. Qxc3 Qxc3 21.
Rxc3 d4 22. Rb3 dxe3 23. Be2 Bxe2 24. Rxe2 Rae8 25. g4 Kg7 26. g3 g5 27. Kg2 f5
28. Kf3 h5 29. fxg5 fxg4+ 30. Kg2 Kg6 31. Rd3 Kxg5 32. Rd4 Rf8 33. Rd3 Rf3 34.
Rd8 Ref7 35. Rg8+ Kh6 36. Rh8+ Kg6 37. Rg8+ Kh7 38. Rg5 Kh6 39. Re5 Rf2+ 40.
Rxf2 exf2 41. Kf1 Rf3 42. Re6+ Kg5 43. Re5+ Kg6 44. Re6+ Kf5 45. Re7 Rxg3 46.
Rxb7 Rxa3 47. Kxf2 Rb3 48. Rc7 Rxb4 49. Rxc6 a5 50. Rc8 a4 51. c6 Rc4 52. c7
Ke6 53. Ra8 Rxc7 54. Rxa4 Kf5 55. Ra5+ Kg6 56. Kg3 Rc3+ 57. Kf4 Rf3+ 58. Ke4
Rf7 59. Ra6+ Kg5 60. Ra5+ Kh4 61. Ra3 g3 62. Ke3 g2 63. Ra4+ Kh3 64. Ke2 g1=Q
0-1

[Event "Skakmot odlinga 2016"]
[Site "Faxafen 12, Reykjavik"]
[Date "2016.05.04"]
[Round "6.1"]
[White "Jonsson, Olafur Gisli"]
[Black "Arnalds, Stefan"]
[Result "0-1"]
[WhiteElo "1904"]
[BlackElo "2007"]
[PlyCount "78"]
[EventDate "2016.03.30"]

1. d4 Nf6 2. Nf3 g6 3. c4 Bg7 4. Nc3 O-O 5. Bg5 h6 6. Bh4 d6 7. e3 Nbd7 8. Be2
c6 9. Qc2 a6 10. Nd2 b5 11. O-O Bb7 12. Rfd1 Rc8 13. b4 Re8 14. Qb3 e5 15. dxe5
Nxe5 16. c5 g5 17. Bg3 d5 18. Rac1 Qe7 19. Bxe5 Qxe5 20. Nf3 Qc7 21. Qc2 Rcd8
22. h4 g4 23. Nd4 g3 24. f3 Qe5 25. Nf5 Bc8 26. Bd3 Bxf5 27. Bxf5 Qxe3+ 28. Kh1
Qf4 29. Ne2 Rxe2 30. Qxe2 Qxf5 31. Rd4 Re8 32. Qd3 Qe5 33. Rg1 Ne4 34. Rxe4
dxe4 35. fxe4 Qf4 36. Qd7 Qxh4+ 37. Qh3 Qxh3+ 38. gxh3 Rxe4 39. Rxg3 Rxb4 0-1

[Event "Skakmot odlinga 2016"]
[Site "Faxafen 12, Reykjavik"]
[Date "2016.05.04"]
[Round "6.2"]
[White "Sigfusson, Sigurdur"]
[Black "Olafsson, Thorvardur"]
[Result "1/2-1/2"]
[WhiteElo "2299"]
[BlackElo "2195"]
[PlyCount "80"]
[EventDate "2016.03.30"]

1. e4 c5 2. Nf3 Nc6 3. d4 cxd4 4. Nxd4 Nf6 5. Nc3 g6 6. Nxc6 dxc6 7. Qxd8+ Kxd8
8. Bg5 Nd7 9. Rd1 Bg7 10. Be2 Ke8 11. O-O Nc5 12. f3 Bxc3 13. bxc3 Na4 14. Bd2
Be6 15. Rb1 Rd8 16. Be1 b6 17. Rb4 b5 18. c4 a5 19. Rb3 b4 20. a3 c5 21. axb4
cxb4 22. Bf2 Bd7 23. Ra1 Bc6 24. Kf1 f6 25. Be3 e5 26. c3 bxc3 27. Rba3 c2 28.
Rc1 Rb8 29. Rxc2 Rb1+ 30. Rc1 Rxc1+ 31. Bxc1 Kd7 32. Bd1 Rb8 33. Bxa4 Bxa4 34.
Bd2 Bb3 35. Rxa5 Bxc4+ 36. Kf2 Rb2 37. Ke3 Rb3+ 38. Kf2 Rb2 39. Ke3 Rb3+ 40.
Kf2 Rb2 1/2-1/2

[Event "Skakmot odlinga 2016"]
[Site "Faxafen 12, Reykjavik"]
[Date "2016.05.04"]
[Round "6.3"]
[White "Sigurjonsson, Siguringi"]
[Black "Kristjansson, Arni H"]
[Result "1-0"]
[WhiteElo "1971"]
[BlackElo "1894"]
[PlyCount "73"]
[EventDate "2016.03.30"]

1. Nf3 Nf6 2. d4 c5 3. d5 g6 4. c4 b5 5. Qc2 d6 6. e4 Bg7 7. cxb5 Nbd7 8. Nc3
O-O 9. Bf4 Ng4 10. Be2 a6 11. O-O axb5 12. Nxb5 Nge5 13. Nd2 Nb6 14. a4 f5 15.
Bxe5 Bxe5 16. f4 Bg7 17. a5 Nd7 18. exf5 Rxf5 19. Bd3 Rf8 20. f5 gxf5 21. Bxf5
Nf6 22. Nc4 Bxf5 23. Qxf5 Nd7 24. Qe6+ Kh8 25. Ncxd6 exd6 26. Nxd6 Ne5 27.
Rxf8+ Qxf8 28. Rf1 Qd8 29. Rf5 Qxa5 30. Rxe5 Qa1+ 31. Re1 Bd4+ 32. Kh1 Qxb2 33.
Nf5 Rg8 34. Qe4 Bf6 35. d6 Qd2 36. Rf1 Be5 37. Qxe5+ 1-0

[Event "Skakmot odlinga 2016"]
[Site "Faxafen 12, Reykjavik"]
[Date "2016.05.04"]
[Round "6.4"]
[White "Valtysson, Thor"]
[Black "Haraldsson, Sigurjon"]
[Result "1-0"]
[WhiteElo "1946"]
[BlackElo "1782"]
[PlyCount "103"]
[EventDate "2016.03.30"]

1. d4 d5 2. Nf3 Nf6 3. c4 dxc4 4. Qa4+ c6 5. Qxc4 g6 6. Nc3 Bg7 7. e4 O-O 8. h3
b5 9. Qb3 Be6 10. Qc2 Nbd7 11. Ng5 Bc4 12. Bxc4 bxc4 13. O-O e5 14. Be3 Qe7 15.
Nf3 Rfe8 16. Rfe1 Qb4 17. dxe5 Nxe5 18. Nxe5 Rxe5 19. Rad1 Rae8 20. f3 c5 21.
Nb1 Nd5 22. Bd2 c3 23. bxc3 Qc4 24. exd5 Rxe1+ 25. Rxe1 Bd4+ 26. Kh2 Rxe1 27.
Bxe1 Be5+ 28. Bg3 Bxg3+ 29. Kxg3 Qxd5 30. Qd2 Qe6 31. Kf2 h5 32. Qe2 Qf6 33.
Qd3 Qb6 34. Nd2 f5 35. Qd5+ Kg7 36. Nc4 Qb1 37. Qe5+ Kh7 38. Qe7+ Kh6 39. Qf8+
Kg5 40. Qd8+ Kh6 41. Qd2+ Kg7 42. h4 Qh1 43. Qd7+ Kh6 44. Qd2+ Kg7 45. Qg5 Qb1
46. Ne5 Qxa2+ 47. Kg3 Qe6 48. Qe3 Kf6 49. f4 Kg7 50. Qxc5 a6 51. Qc7+ Kf6 52.
Nd7+ 1-0

[Event "Skakmot odlinga 2016"]
[Site "Faxafen 12, Reykjavik"]
[Date "2016.05.04"]
[Round "6.5"]
[White "Traustason, Ingi Tandri"]
[Black "Masson, Kjartan"]
[Result "1-0"]
[WhiteElo "1916"]
[BlackElo "1760"]
[PlyCount "79"]
[EventDate "2016.03.30"]

1. d4 d5 2. c4 e6 3. Nc3 Nf6 4. cxd5 exd5 5. Bg5 Be7 6. Qc2 c6 7. e3 a5 8. Bd3
h6 9. Bh4 b6 10. Nf3 Nfd7 11. Bg3 Ba6 12. Bf5 Bb7 13. O-O O-O 14. Rfe1 Nf6 15.
Ne5 Bc8 16. Bd3 Nh5 17. Nxf7 Rxf7 18. Bxb8 Rxb8 19. Bh7+ Kf8 20. Bg6 Nf6 21.
Bxf7 Kxf7 22. Ne2 Ne4 23. Qxc6 Bb7 24. Qb5 Bd6 25. Ng3 g6 26. Nxe4 dxe4 27.
Rac1 Ke6 28. Rc2 Bd5 29. Rec1 Qh4 30. g3 Qd8 31. Qe2 h5 32. Qa6 Bb7 33. Qb5 Bd5
34. a3 h4 35. Qf1 g5 36. Qh3+ Kf7 37. Qf5+ Kg7 38. Qxd5 hxg3 39. hxg3 Qf6 40.
Qxe4 1-0

[Event "Skakmot odlinga 2016"]
[Site "Faxafen 12, Reykjavik"]
[Date "2016.05.04"]
[Round "6.6"]
[White "Kristinsson, Magnus"]
[Black "Ontiveros, John"]
[Result "1/2-1/2"]
[WhiteElo "1822"]
[BlackElo "1729"]
[PlyCount "54"]
[EventDate "2016.03.30"]

1. e4 e5 2. Nf3 Nc6 3. Bc4 Be7 4. d4 exd4 5. O-O d6 6. Nxd4 Nxd4 7. Qxd4 Nf6 8.
Nc3 O-O 9. Bf4 Be6 10. Rad1 Bxc4 11. Qxc4 Qc8 12. h3 a6 13. e5 dxe5 14. Bxe5 c6
15. Rd2 Qf5 16. Re1 Rad8 17. Rde2 Bd6 18. f4 Bxe5 19. fxe5 Nd5 20. e6 fxe6 21.
Ne4 Nf6 22. Nc5 Rf7 23. Re5 Qg6 24. Nxe6 Rd2 25. Ng5 Nd5 26. Rxd5 Rxd5 27. Nxf7
Qxf7 1/2-1/2

[Event "Skakmot odlinga 2016"]
[Site "Faxafen 12, Reykjavik"]
[Date "2016.05.04"]
[Round "6.7"]
[White "Maack, Kjartan"]
[Black "Einarsson, Oskar Long"]
[Result "1-0"]
[WhiteElo "2110"]
[BlackElo "1691"]
[PlyCount "80"]
[EventDate "2016.03.30"]

1. c4 Nf6 2. g3 e5 3. Bg2 d5 4. cxd5 Nxd5 5. Nc3 Nb6 6. Nf3 Nc6 7. O-O Be7 8.
d3 O-O 9. a3 Be6 10. b4 a5 11. b5 Nd4 12. Nxd4 exd4 13. Na4 Nd5 14. Bb2 Bf6 15.
Nc5 Qd6 16. Nxe6 Qxe6 17. Qb3 Rad8 18. Rac1 Be5 19. Rc5 c6 20. bxc6 bxc6 21.
Qc4 Bd6 22. Bxd5 Qxe2 23. Qxd4 Be5 24. Qxe5 Qxe5 25. Bxe5 cxd5 26. Rxa5 Rfe8
27. Bd4 Re2 28. Rc1 Rd2 29. Rxd5 Rd1+ 30. Rxd1 Rxd5 31. Rc1 f6 32. Rc4 Kf7 33.
Kg2 Ke6 34. Kf3 f5 35. Ke3 g5 36. Rc5 f4+ 37. gxf4 gxf4+ 38. Ke4 Rd8 39. Re5+
Kd6 40. Rd5+ Kc6 1-0

[Event "Skakmot odlinga 2016"]
[Site "Faxafen 12, Reykjavik"]
[Date "2016.05.04"]
[Round "6.8"]
[White "Gardarsson, Halldor"]
[Black "Eliasson, Kristjan Orn"]
[Result "1/2-1/2"]
[WhiteElo "1788"]
[BlackElo "1861"]
[PlyCount "78"]
[EventDate "2016.03.30"]

1. d4 g6 2. c4 Bg7 3. Nc3 c6 4. e4 d6 5. Be3 Nf6 6. f3 Nbd7 7. Qd2 h5 8. h4 Qc7
9. Nh3 a6 10. Be2 c5 11. d5 Ne5 12. Ng5 Bd7 13. O-O O-O 14. a4 Nh7 15. a5 Nxg5
16. hxg5 Kh7 17. Na4 Rab8 18. Nb6 f5 19. gxf6 exf6 20. Nxd7 Qxd7 21. Ra3 Rbe8
22. Rb3 Re7 23. Rb6 h4 24. Qe1 g5 25. g3 Qh3 26. g4 Nxg4 27. fxg4 Qxe3+ 28. Qf2
Qxe4 29. Bd1 Qe5 30. Qf5+ Qxf5 31. Rxf5 Rd8 32. Kf2 Kg6 33. Bc2 Kf7 34. Rf3
Rde8 35. Bd3 Rd8 36. Bf5 Bf8 37. Rfb3 Rde8 38. Rxb7 Rxb7 39. Rxb7+ Re7 1/2-1/2

[Event "Skakmot odlinga 2016"]
[Site "Faxafen 12, Reykjavik"]
[Date "2016.05.04"]
[Round "6.9"]
[White "Saemundsson, Bjarni"]
[Black "Hreinsson, Arnthor"]
[Result "1-0"]
[WhiteElo "1870"]
[BlackElo "1542"]
[PlyCount "39"]
[EventDate "2016.03.30"]

1. d4 Nf6 2. Nc3 c6 3. e4 d6 4. Bg5 Nbd7 5. f4 e5 6. Nf3 Qc7 7. Qd2 h6 8. Bxf6
Nxf6 9. fxe5 dxe5 10. Nxe5 Bb4 11. Bd3 O-O 12. O-O c5 13. Rxf6 cxd4 14. Nxf7
Rxf7 15. Rxf7 Qxf7 16. Rf1 Qe6 17. Qe2 Kh7 18. Nd5 Bd6 19. e5+ g6 20. Nf6+ 1-0

[Event "Skakmot odlinga 2016"]
[Site "Faxafen 12, Reykjavik"]
[Date "2016.05.04"]
[Round "6.10"]
[White "Gardarsson, Hordur"]
[Black "Geirsson, Kristjan"]
[Result "0-1"]
[WhiteElo "1731"]
[BlackElo "1492"]
[PlyCount "95"]
[EventDate "2016.03.30"]

1. d4 Nf6 2. c4 e6 3. g3 d5 4. Bg2 c6 5. Qc2 Bb4+ 6. Bd2 Qa5 7. Nf3 Nbd7 8. O-O
O-O 9. Bf4 c5 10. Nbd2 Bxd2 11. Nxd2 cxd4 12. Nb3 Qd8 13. Nxd4 e5 14. Rfd1 exf4
15. gxf4 Qc7 16. e3 Nb6 17. c5 Nbd7 18. Rac1 a6 19. b4 Nb8 20. Qe2 Nc6 21. Nf3
Nxb4 22. Ne5 Be6 23. Kh1 Nc6 24. Qb2 Rad8 25. Rg1 Nxe5 26. fxe5 Ng4 27. f4 Nxe3
28. Qd4 Nf5 29. Qf2 Rc8 30. Bf3 Qe7 31. Rg5 h6 32. Rh5 g6 33. Rh3 Kh7 34. Bg4
h5 35. Bxh5 Nh6 36. Rh4 gxh5 37. Rxh5 Rg8 38. f5 Bd7 39. f6 Qf8 40. Rc3 d4 41.
Qc2+ Rg6 42. Rg3 Rxc5 43. Rxg6 fxg6 44. Qd3 Bf5 45. Rxh6+ Qxh6 46. Qxd4 Rc1+
47. Kg2 Qh3+ 48. Kf2 0-1

[Event "Skakmot odlinga 2016"]
[Site "Faxafen 12, Reykjavik"]
[Date "2016.05.04"]
[Round "6.12"]
[White "Sigurvaldason, Hjalmar"]
[Black "Bragason, Arnfinnur"]
[Result "1/2-1/2"]
[WhiteElo "1426"]
[BlackElo "1467"]
[PlyCount "92"]
[EventDate "2016.03.30"]

1. d4 d5 2. c4 c6 3. cxd5 cxd5 4. Nc3 Nf6 5. Bf4 a6 6. e3 Bf5 7. Bd3 Bxd3 8.
Qxd3 e6 9. Nf3 Bd6 10. Ne5 Nc6 11. Nxc6 bxc6 12. Bxd6 Qxd6 13. h3 O-O 14. O-O
c5 15. dxc5 Qxc5 16. Rfd1 h6 17. e4 dxe4 18. Nxe4 Nxe4 19. Qxe4 Rfd8 20. Rdc1
Qd5 21. Qxd5 Rxd5 22. Rc2 Rad8 23. a3 a5 24. b4 axb4 25. axb4 Rd1+ 26. Rxd1
Rxd1+ 27. Kh2 Rb1 28. Rc8+ Kh7 29. Rb8 Rb3 30. g4 e5 31. b5 g5 32. b6 Kg7 33.
b7 Kf6 34. Rh8 Rxb7 35. Rxh6+ Kg7 36. Ra6 Rb3 37. Kg2 Rd3 38. Ra5 f6 39. Ra4
Rb3 40. Re4 Rd3 41. Re2 Kg6 42. f3 Rd1 43. Ra2 Rd4 44. Re2 Rd1 45. Ra2 Rd4 46.
Re2 Rd1 1/2-1/2

[Event "Skakmot odlinga 2016"]
[Site "Faxafen 12, Reykjavik"]
[Date "2016.05.11"]
[Round "7.1"]
[White "Arnalds, Stefan"]
[Black "Valtysson, Thor"]
[Result "1/2-1/2"]
[WhiteElo "2007"]
[BlackElo "1946"]
[PlyCount "111"]
[EventDate "2016.03.30"]

1. d4 d5 2. c4 c6 3. Nc3 e6 4. cxd5 exd5 5. Qc2 Nf6 6. Bg5 Be7 7. e3 Be6 8. Bd3
h6 9. Bh4 Nbd7 10. h3 Nh5 11. Bxe7 Qxe7 12. Nf3 Nhf6 13. O-O-O O-O-O 14. Rhe1
Kb8 15. Kb1 Rc8 16. Ka1 Rhe8 17. Nd2 Nb6 18. f4 Qc7 19. g4 Re7 20. Nf3 Rce8 21.
Ne5 Bc8 22. Rc1 Qd6 23. Na4 Nxa4 24. Qxa4 Bd7 25. Rc3 Bc8 26. Ra3 b5 27. Nxc6+
Qxc6 28. Bxb5 Qc7 29. Bxe8 Nxe8 30. Rc3 Qd7 31. Qa5 Bb7 32. Rec1 Qd6 33. Qb5
Nc7 34. Qb3 Ka8 35. Qc2 Kb8 36. a3 Qd7 37. Qh7 Ne6 38. Qd3 Qd8 39. Qb5 Rc7 40.
Rxc7 Nxc7 41. Qb4 Na6 42. Qb5 Qe7 43. Rc3 Nc7 44. Qa5 Qd7 45. Rb3 Qc6 46. Qb4
a6 47. Qf8+ Ka7 48. Qxf7 Qc1+ 49. Ka2 Qc4 50. Qe7 a5 51. Qc5+ Qxc5 52. dxc5 d4
53. Rd3 dxe3 54. Rxe3 Nd5 55. Re5 Nxf4 56. Re7 1/2-1/2

[Event "Skakmot odlinga 2016"]
[Site "Faxafen 12, Reykjavik"]
[Date "2016.05.11"]
[Round "7.2"]
[White "Olafsson, Thorvardur"]
[Black "Sigurjonsson, Siguringi"]
[Result "1/2-1/2"]
[WhiteElo "2195"]
[BlackElo "1971"]
[PlyCount "103"]
[EventDate "2016.03.30"]

1. e4 d6 2. d4 Nf6 3. Nc3 e5 4. Nf3 Nbd7 5. Bc4 Be7 6. a4 c6 7. O-O O-O 8. h3
exd4 9. Qxd4 Qa5 10. Bf4 Nb6 11. b4 Qh5 12. Be2 Ne8 13. a5 Nd7 14. e5 Nxe5 15.
Nxe5 dxe5 16. Bxe5 Qh4 17. Qxh4 Bxh4 18. Ne4 Bf5 19. Bf3 Bxe4 20. Bxe4 Bf6 21.
Bxf6 Nxf6 22. Bf3 a6 23. c4 Nd7 24. Rfd1 Ne5 25. Be2 Rac8 26. f4 Ng6 27. g3
Rcd8 28. Kf2 Ne7 29. Bg4 f5 30. Rxd8 Rxd8 31. Rd1 Rxd1 32. Bxd1 Kf7 33. Ke3 Ke6
34. Kd4 Nc8 35. Bb3 h6 36. Kc5 g5 37. b5 Kd7 38. bxa6 bxa6 39. Ba4 Ne7 40. Kb6
Nc8+ 41. Kxa6 gxf4 42. gxf4 Kc7 43. c5 Ne7 44. Bc2 Nd5 45. Bxf5 Nxf4 46. Ka7
Nd5 47. a6 Ne7 48. Be4 Nc8+ 49. Ka8 Ne7 50. Ka7 Nc8+ 51. Ka8 Ne7 52. Ka7
1/2-1/2

[Event "Skakmot odlinga 2016"]
[Site "Faxafen 12, Reykjavik"]
[Date "2016.05.11"]
[Round "7.3"]
[White "Traustason, Ingi Tandri"]
[Black "Sigfusson, Sigurdur"]
[Result "0-1"]
[WhiteElo "1916"]
[BlackElo "2299"]
[PlyCount "72"]
[EventDate "2016.03.30"]

1. d4 Nf6 2. c4 g6 3. Nc3 Bg7 4. e4 d6 5. f4 c5 6. d5 O-O 7. Nf3 e6 8. dxe6
Bxe6 9. Bd3 Nc6 10. O-O Bg4 11. Qe1 Re8 12. Qh4 Nb4 13. Bb1 Be6 14. Nd5 Bxd5
15. exd5 Ne4 16. Qxd8 Raxd8 17. a3 Na6 18. Bd3 Nc7 19. Rb1 b5 20. b3 Rb8 21.
Bb2 Bxb2 22. Rxb2 bxc4 23. Bxc4 Nf6 24. Rd2 Re3 25. Rfd1 Nb5 26. a4 Na3 27. Ra2
Nxc4 28. bxc4 Rb4 29. a5 Rxc4 30. Rb1 Rb4 31. Rxb4 cxb4 32. Nd4 Nxd5 33. Nb5
Nc3 34. Rb2 Nxb5 35. Rxb4 a6 36. Rc4 Ra3 0-1

[Event "Skakmot odlinga 2016"]
[Site "Faxafen 12, Reykjavik"]
[Date "2016.05.11"]
[Round "7.4"]
[White "Maack, Kjartan"]
[Black "Jonsson, Olafur Gisli"]
[Result "1/2-1/2"]
[WhiteElo "2110"]
[BlackElo "1904"]
[PlyCount "133"]
[EventDate "2016.03.30"]

1. e4 c5 2. Nc3 Nc6 3. g3 g6 4. Bg2 Bg7 5. d3 e6 6. Be3 d6 7. Qd2 Nge7 8. Bh6
Bxh6 9. Qxh6 Nd4 10. Qd2 Nec6 11. Nd1 Qa5 12. Qxa5 Nxa5 13. Ne3 Rb8 14. c3 Ndc6
15. Rb1 Ne5 16. f4 Nd7 17. Nf3 b6 18. b4 Nc6 19. O-O O-O 20. Nc4 d5 21. exd5
exd5 22. Nd6 cxb4 23. cxb4 Nf6 24. b5 Ne7 25. Rfe1 Nf5 26. Nxc8 Rbxc8 27. Bh3
Rc2 28. Bxf5 gxf5 29. Nd4 Rxa2 30. Ra1 Rd2 31. Nxf5 Ng4 32. Rxa7 Nxh2 33. Re3
Ng4 34. Ree7 Rc8 35. Rec7 Re8 36. Re7 Rc8 37. Rec7 Re8 38. Rc8 Rxc8 39. Ne7+
Kg7 40. Nxc8 Rxd3 41. Nxb6 Rxg3+ 42. Kh1 Rb3 43. Nxd5 Rxb5 44. Nc3 Rb4 45. Nd5
Nf6 46. Nc7 Kg6 47. f5+ Kxf5 48. Ra6 Rb2 49. Ra5+ Kg4 50. Ra6 Kg3 51. Ra3+ Kh4
52. Rf3 Kg5 53. Kg1 Rb7 54. Na6 Ng4 55. Nc5 Rb1+ 56. Kg2 f5 57. Ne6+ Kg6 58.
Nf8+ Kg7 59. Ne6+ Kg6 60. Nf8+ Kg7 61. Ne6+ Kf6 62. Nd4 Nh6 63. Rh3 Kg6 64. Ne6
Rb2+ 65. Kg1 Ra2 66. Nf8+ Kg7 67. Ne6+ 1/2-1/2

[Event "Skakmot odlinga 2016"]
[Site "Faxafen 12, Reykjavik"]
[Date "2016.05.11"]
[Round "7.5"]
[White "Kristjansson, Arni H"]
[Black "Kristinsson, Magnus"]
[Result "1-0"]
[WhiteElo "1894"]
[BlackElo "1822"]
[PlyCount "71"]
[EventDate "2016.03.30"]

1. e4 c6 2. d4 d5 3. exd5 cxd5 4. c4 Nf6 5. c5 Bf5 6. Nf3 Nc6 7. Bb5 g6 8. Qa4
Bd7 9. Nc3 a6 10. Bxc6 Bxc6 11. Qb3 Bg7 12. Bf4 O-O 13. O-O Nh5 14. Bd2 Qd7 15.
Rfe1 f6 16. h3 Bh8 17. Re2 Rae8 18. Rae1 g5 19. g4 Nf4 20. Bxf4 gxf4 21. Re6
Kf7 22. Qc2 Rg8 23. Qxh7+ Rg7 24. Qf5 Kg8 25. Qxf4 Qc8 26. Kh2 Bd7 27. R6e3 Rh7
28. Nxd5 Bxg4 29. Nxe7+ Rexe7 30. Rxe7 Rxh3+ 31. Kg1 Bxf3 32. Re8+ Qxe8 33.
Rxe8+ Kg7 34. Qc7+ Kg6 35. Rg8+ Kf5 36. Qd7+ 1-0

[Event "Skakmot odlinga 2016"]
[Site "Faxafen 12, Reykjavik"]
[Date "2016.05.11"]
[Round "7.6"]
[White "Ontiveros, John"]
[Black "Eliasson, Kristjan Orn"]
[Result "0-1"]
[WhiteElo "1729"]
[BlackElo "1861"]
[PlyCount "76"]
[EventDate "2016.03.30"]

1. e4 d6 2. d4 g6 3. Nf3 Bg7 4. Be2 c6 5. O-O Qc7 6. Be3 Nd7 7. Nbd2 Ngf6 8. h3
e5 9. c3 O-O 10. Rc1 Nh5 11. dxe5 dxe5 12. Ng5 Nf4 13. Bc4 Nb6 14. Bb3 h6 15.
Bxf4 exf4 16. Ngf3 g5 17. Nd4 Bd7 18. Qh5 Rad8 19. N2f3 c5 20. Nf5 Bxf5 21.
exf5 Nd7 22. Nh2 Nf6 23. Qf3 h5 24. Rcd1 c4 25. Rxd8 Rxd8 26. Bc2 Rd2 27. Be4
Rxb2 28. Rd1 b5 29. Bb1 Bf8 30. g4 fxg3 31. fxg3 Bc5+ 32. Kh1 Rf2 33. Qa8+ Kg7
34. Rg1 Rxh2+ 35. Kxh2 Bxg1+ 36. Kxg1 Qxg3+ 37. Qg2 Qxg2+ 38. Kxg2 Nd5 0-1

[Event "Skakmot odlinga 2016"]
[Site "Faxafen 12, Reykjavik"]
[Date "2016.05.11"]
[Round "7.7"]
[White "Saemundsson, Bjarni"]
[Black "Masson, Kjartan"]
[Result "1/2-1/2"]
[WhiteElo "1870"]
[BlackElo "1760"]
[PlyCount "94"]
[EventDate "2016.03.30"]

1. d4 d5 2. Nc3 Nf6 3. Bg5 Nbd7 4. Nf3 c6 5. Qd3 Qa5 6. Bd2 Qc7 7. e4 dxe4 8.
Nxe4 Nxe4 9. Qxe4 Nf6 10. Qe5 Qxe5+ 11. dxe5 Nd5 12. Bd3 Bg4 13. Ng5 h6 14. Nh7
O-O-O 15. Nxf8 Rhxf8 16. h3 Bd7 17. O-O f5 18. Rfe1 Be6 19. b4 Nb6 20. Be3 Nd5
21. Bc4 Kc7 22. Bc5 Rfe8 23. Red1 f4 24. b5 b6 25. Ba3 f3 26. g4 c5 27. Bc1 Bg8
28. Bb2 e6 29. Rd3 Rf8 30. Rad1 Bh7 31. Ra3 Kb8 32. Bxd5 exd5 33. e6 Rfe8 34.
Bxg7 Rxe6 35. c4 d4 36. Rxf3 Rd7 37. Rf8+ Kb7 38. Bf6 d3 39. f4 d2 40. Be5 Rxe5
41. fxe5 Bc2 42. Rff1 Bxd1 43. Rxd1 Kc7 44. Kf2 Rd3 45. Ke2 Rxh3 46. Rxd2 Rg3
47. Rd6 Rxg4 1/2-1/2

[Event "Skakmot odlinga 2016"]
[Site "Faxafen 12, Reykjavik"]
[Date "2016.05.11"]
[Round "7.8"]
[White "Jonasson, Hordur"]
[Black "Gardarsson, Halldor"]
[Result "1/2-1/2"]
[WhiteElo "1536"]
[BlackElo "1788"]
[PlyCount "80"]
[EventDate "2016.03.30"]

1. e4 d6 2. d4 Nf6 3. Nc3 Nbd7 4. Nf3 g6 5. g3 Bg7 6. Bg2 O-O 7. O-O c6 8. Be3
d5 9. exd5 Nxd5 10. Nxd5 cxd5 11. c3 Nb6 12. Nd2 Bf5 13. Bf4 Qd7 14. Re1 h5 15.
h4 Rac8 16. Qe2 Rfe8 17. Nb3 Na4 18. Rad1 Bg4 19. f3 Bh3 20. Rd2 Bxg2 21. Qxg2
Qf5 22. Rde2 Kf8 23. Kh2 Rc6 24. Qh3 Qxh3+ 25. Kxh3 f6 26. Nc1 Nb6 27. Nd3 a5
28. Nc5 e5 29. Nxb7 Nd7 30. Nxa5 Ra6 31. b4 Rc8 32. dxe5 fxe5 33. Bd2 Nb6 34.
Rc1 Nc4 35. Nxc4 Rxc4 36. Be1 d4 37. Rb2 Bh6 38. Bd2 Bxd2 39. Rxd2 dxc3 40.
Rdc2 Rxb4 1/2-1/2

[Event "Skakmot odlinga 2016"]
[Site "Faxafen 12, Reykjavik"]
[Date "2016.05.11"]
[Round "7.9"]
[White "Geirsson, Kristjan"]
[Black "Haraldsson, Sigurjon"]
[Result "1/2-1/2"]
[WhiteElo "1492"]
[BlackElo "1782"]
[PlyCount "71"]
[EventDate "2016.03.30"]

1. e4 d6 2. d4 Nf6 3. Bd3 g6 4. Nf3 Bg7 5. c3 Bg4 6. h3 Bxf3 7. Qxf3 Nbd7 8.
Bf4 O-O 9. O-O c5 10. Nd2 Rc8 11. Rfc1 a6 12. a4 e5 13. Be3 d5 14. exd5 cxd4
15. cxd4 Rxc1+ 16. Rxc1 Qa5 17. Nc4 Qxd5 18. Nxe5 Nxe5 19. Qxd5 Nxd5 20. dxe5
Nxe3 21. fxe3 Bxe5 22. b4 Re8 23. Kf2 h5 24. Rc4 Kg7 25. a5 Re7 26. Be4 h4 27.
Bd5 Bg3+ 28. Ke2 f5 29. b5 axb5 30. Rb4 Kh6 31. Rxb5 Re5 32. Kf3 Bh2 33. Bc4
Re7 34. Bd5 Re5 35. Bc4 Re4 36. Bd5 1/2-1/2

[Event "Skakmot odlinga 2016"]
[Site "Faxafen 12, Reykjavik"]
[Date "2016.05.11"]
[Round "7.10"]
[White "Einarsson, Oskar Long"]
[Black "Valdimarsson, Einar"]
[Result "1-0"]
[WhiteElo "1691"]
[BlackElo "2029"]
[PlyCount "106"]
[EventDate "2016.03.30"]

1. e4 e6 2. d4 d5 3. Nd2 Nc6 4. Ngf3 Nf6 5. e5 Nd7 6. Bd3 Nb4 7. Bb5 a6 8. Be2
c5 9. c3 Nc6 10. O-O Be7 11. Re1 O-O 12. Nf1 Qb6 13. b3 cxd4 14. cxd4 Bb4 15.
Bd2 Nxd4 16. Nxd4 Qxd4 17. Bxb4 Qxb4 18. Bd3 Rd8 19. Rc1 Qb6 20. Qh5 Nf8 21.
Re3 g6 22. Rg3 Bd7 23. Ne3 Qd4 24. Ng4 Qf4 25. Nf6+ Kg7 26. Qxh7+ Nxh7 27. Nh5+
Kg8 28. Nxf4 Rac8 29. Rd1 Rc7 30. h4 Kh8 31. h5 g5 32. Nh3 Bb5 33. Bxb5 axb5
34. Nxg5 Nxg5 35. Rxg5 Rc2 36. a4 bxa4 37. bxa4 Rdc8 38. Rg4 Rc1 39. Rgd4 Rxd1+
40. Rxd1 Rc4 41. Rb1 Rxa4 42. Rxb7 Re4 43. Rxf7 Rxe5 44. g4 Rg5 45. f3 e5 46.
Kf2 e4 47. fxe4 Rxg4 48. exd5 Rg5 49. d6 Rxh5 50. d7 Kg8 51. Re7 Rf5+ 52. Ke3
Rf8 53. Re8 Kf7 1-0

[Event "Skakomot odlinga 2016"]
[Site "Faxafen 12, Reykjavik"]
[Date "2016.05.11"]
[Round "7.11"]
[White "Bragason, Arnfinnur"]
[Black "Gardarsson, Hordur"]
[Result "1/2-1/2"]
[WhiteElo "1467"]
[BlackElo "1731"]
[PlyCount "84"]
[EventDate "2016.03.30"]

1. d4 Nf6 2. Bf4 d5 3. e3 e6 4. Nf3 c6 5. a3 Nbd7 6. Nbd2 Be7 7. Bd3 b6 8. O-O
Bb7 9. b4 c5 10. c3 O-O 11. Re1 Ne4 12. Qc2 f5 13. Ne5 Nxe5 14. Bxe5 Bd6 15.
Nf3 Rc8 16. Bxd6 Qxd6 17. Bxe4 fxe4 18. bxc5 bxc5 19. Ne5 Rc7 20. Qd2 Rfc8 21.
Qb2 Ba6 22. Rec1 Bd3 23. Nxd3 exd3 24. c4 cxd4 25. Qxd4 Qa6 26. Qxd3 Rxc4 27.
Rxc4 Rxc4 28. Qf1 Qd6 29. g3 a5 30. a4 Qc6 31. Qd1 h6 32. Qb3 Rb4 33. Qd1 e5
34. Rc1 Qe6 35. Rc5 d4 36. Rxa5 dxe3 37. Ra8+ Kh7 38. Qd3+ e4 39. Qxe3 Qc4 40.
Kg2 Rb3 41. Rc8 Qxa4 42. Rc3 Rxc3 1/2-1/2